Регионална библиотека "Любен Каравелов" - Русе

Бог пътува винаги инкогнито (Запис номер 128887)

MARC детайли
000 -Лидер
Контролно поле с фиксирана дължина 01307nam a2200361 c 4500
003 - Код на организацията, давaща контролен номер
Контролно поле BLK
005 - Дата и час на последна редакция
Контролно поле 20250728115335.0
008 - Елементи от данни с фиксирана дължина
fixed length control field 180409b bul|||||r ||||||| ||bul||
010 ## - Наследен системен номер
LC control number KNG00134619000
020 ## - Международен стандартен номер на книга ISBN
Международен стандартен номер на книга ISBN 978-954-529-771-7
040 ## - Източник на каталожния запис
Идентификатор на билиотеката - собственик на записа BLK
041 ## - Код за език
Код за езика на текст/звукозапис или на отделно заглавие Български
Код за езика КДБФ Български
072 #7 - Код за тематичната категория
Код организация bullib
Код за тематична категория Н83
Текст Чужда художествена литература Н
080 ## - УДК
Текстов определител УДК Френска литература
УДК код - определител по УДК 821.133.1
УДК определител -31
УДК - код + определител 821.133.1-31
100 1# - Редна дума - Автор
Автор Гунел, Лоран
Авторска отговорност първи автор
R(LIN) 377933
139 ## - Редно поле
Редна дума Гунел, Лоран
Авторски знак Гул - Г 92
245 10 - Сведения за заглавието
Заглавие Бог пътува винаги инкогнито
Редно поле (дума) Лоран Гунел; прев. от фр. Георги Ангелов.
257 ## - Страна на издаване
Страна на създаване/издаване Франция
260 ## - Област на издателските данни
Име на издателя, разпространителя и проч. Колибри
Година на издаване 2010
Печатница София : Симолини
300 ## - Физическа характеристика
Страници 360 с.
Размери/Мащаб 20 см
380 ## - Жанр
Жанр Худож. лит.
490 ## - СЕРИИ (Колекции)
Име на серия Духовност и самоусъвършенстване
500 ## - Общи забележки
Забележка Ориг. загл. Dieu voyage toujours incognito / Laurent Gounelle.
659 ## - Тематичен бюлетин
Тематичен бюлетин Н
700 1# - Други автори (авторска отговорност)
Лично име Ангелов, Георги
Автороска отговорност (Описва отношението между автора и произведението) прев. от фр.
9 (RLIN) 368651
852 ## - Местоположение
Форматна сигнатура Цб 256531
856 4# - Електронен адрес и достъп
Електронен формат pdf - файл
856 4# - Електронен адрес и достъп
Електронен формат pdf - файл
942 ## - АРТИКУЛИ
Вид на библиотечния материал Книги
Скрит в OPAC Не
Koha issues (borrowed), all copies 50
944 ## - СЪЗДАВАНЕ И РЕДАКЦИЯ на ЗАПИСА
Създаване/Редакция Създаване
Дата на регистрацията/редакция 09.10.2012
Служител, извършил регистрацията/редакцията 30531
Статус, дата на статуса Цветелина Шанова
944 ## - СЪЗДАВАНЕ И РЕДАКЦИЯ на ЗАПИСА
Създаване/Редакция Редакция
Дата на регистрацията/редакция 05.04.2013
999 ## - СИСТЕМНИ КОНТРОЛНИ НОМЕРА
Koha biblionumber 128887
Koha biblioitemnumber 128887
999 ## - СИСТЕМНИ КОНТРОЛНИ НОМЕРА
Koha biblioitemnumber 128887
Наличности
Код за отписване Код за изгубен артикул Код за повреда Коз за рестрикции Код за отдаване Артикулен № Име на библиотеката - собственик Име на библиотеката, в която се намира в момента Статус (Текущо местоположение) Дата на вписване в системата Местоположение - отдел Цена в лева Инвентарен номер Систематично азбучна сигнатура Баркод Номер на екземпляра Цена в евро Служебна бележка Служебен тип на артикула Източник на класификационната схема
  Не е изгубен Не е повреден без рестрикции ползва се в читалня 209443 Регионална библиотека "Любен Каравелов" Русе Регионална библиотека "Любен Каравелов" Русе Хранилище 2012-10-09 Хранилище 16.00 120000760231 Цб 256531 120000760231 1 8.18 Дост: Dp Вид: Д N: 33 Дата: 15.08.2011 Книги  
  Не е изгубен Не е повреден без рестрикции заемане за дома 729651 Регионална библиотека "Любен Каравелов" Русе Регионална библиотека "Любен Каравелов" Русе Заемна - подръчен фонд 2019-07-10 Заемна - подръчен фонд 16.00   П 821-31/Г 92 120000833607   8.18   Книги Universal Decimal Classification
  Не е изгубен Не е повреден   заемане за дома 933779 Регионална библиотека "Любен Каравелов" Русе Регионална библиотека "Любен Каравелов" Русе Заемна - подръчен фонд 2023-10-02 Заемна - подръчен фонд 18.00 120000892946 821-31/Г 92 Л 120000892946   9.20   Книги Universal Decimal Classification
Vip Innovations Ltd, Rousse, Bulgaria 2025